00777nam a2200241 a 450000100060000000300090000600800410001502000180005604000280007404100080010208200170011010000290012724500780015625000110023426000360024530000100028149000220029160000520031365000530036565000450041865000470046365000250051025722CO-ViMGA141112s2004 ck r 000 u spa d a9789582010454 aCO-ViMGAbspacCO-ViMGA aSPA04aCo864.4 C64e1 aCollazos, Oscar, 1942 - 10aEpístolas : bsobre arte, educación y democracia / cÓscar Collazos a1a ed. aBogotá : bMagisterio, c2011 a76 p. aSabiduría Breve aCOLLAZOS, OSCAR, 1942 - COLECCIONES DE ESCRITOS14aARTE - ENSEÑANZA - ENSAYOS, CONFERENCIAS, ETC 14aDEMOCRACIA - ENSAYOS, CONFERENCIAS, ETC.14aeducación - ENSAYOS, CONFERENCIAS, ETC. 14aENSAYOS COLOMBIANOS